Zdobywcy męskich małych kryształowych kul w biathlonie - Statystyki

Ogólne statystyki
  • Ten quiz został rozwiązany 122 razy
  • Średni wynik to 48 z 79
Statystyki odpowiedzi
Sezon/Konkurencja Zawodnik % Poprawnych
17/18 Indywidualny Johannes Thingnes Boe
94%
18/19 Indywidualny Johannes Thingnes Boe
94%
18/19 Sprint Johannes Thingnes Boe
94%
18/19 Pościgowy Johannes Thingnes Boe
94%
18/19 Masowy Johannes Thingnes Boe
94%
10/11 Sprint Tarjei Boe
94%
10/11 Pościgowy Tarjei Boe
94%
09/10 Pościgowy Martin Fourcade
86%
11/12 Sprint Martin Fourcade
86%
11/12 Pościgowy Martin Fourcade
86%
12/13 Indywidualny Martin Fourcade
86%
12/13 Sprint Martin Fourcade
86%
12/13 Pościgowy Martin Fourcade
86%
12/13 Masowy Martin Fourcade
86%
13/14 Sprint Martin Fourcade
86%
13/14 Pościgowy Martin Fourcade
86%
13/14 Masowy Martin Fourcade
86%
14/15 Indywidualny Martin Fourcade
86%
14/15 Sprint Martin Fourcade
86%
14/15 Pościgowy Martin Fourcade
86%
15/16 Indywidualny Martin Fourcade
86%
15/16 Sprint Martin Fourcade
86%
15/16 Pościgowy Martin Fourcade
86%
15/16 Masowy Martin Fourcade
86%
16/17 Indywidualny Martin Fourcade
86%
16/17 Sprint Martin Fourcade
86%
16/17 Pościgowy Martin Fourcade
86%
16/17 Masowy Martin Fourcade
86%
17/18 Indywidualny Martin Fourcade
86%
17/18 Sprint Martin Fourcade
86%
17/18 Pościgowy Martin Fourcade
86%
17/18 Masowy Martin Fourcade
86%
11/12 Indywidualny Simon Fourcade
84%
00/01 Sprint Ole Einar Bjoerndalen
69%
02/03 Sprint Ole Einar Bjoerndalen
69%
02/03 Pościgowy Ole Einar Bjoerndalen
69%
02/03 Masowy Ole Einar Bjoerndalen
69%
04/05 Indywidualny Ole Einar Bjoerndalen
69%
04/05 Masowy Ole Einar Bjoerndalen
69%
07/08 Masowy Ole Einar Bjoerndalen
69%
08/09 Sprint Ole Einar Bjoerndalen
69%
08/09 Pościgowy Ole Einar Bjoerndalen
69%
04/05 Sprint Ole Einar Bjoerndalen
68%
05/06 Pościgowy Ole Einar Bjoerndalen
68%
05/06 Masowy Ole Einar Bjoerndalen
68%
06/07 Masowy Ole Einar Bjoerndalen
68%
07/08 Sprint Ole Einar Bjoerndalen
68%
07/08 Pościgowy Ole Einar Bjoerndalen
68%
05/06 Sprint Tomasz Sikora
66%
09/10 Sprint Emil Hegle Svendsen
55%
10/11 Indywidualny Emil Hegle Svendsen
55%
10/11 Masowy Emil Hegle Svendsen
55%
13/14 Indywidualny Emil Hegle Svendsen
55%
04/05 Indywidualny Michael Greis
36%
05/06 Indywidualny Michael Greis
36%
06/07 Sprint Michael Greis
36%
08/09 Indywidualny Michael Greis
36%
00/01 Pościgowy Raphael Poiree
35%
01/02 Pościgowy Raphael Poiree
35%
03/04 Indywidualny Raphael Poiree
35%
03/04 Sprint Raphael Poiree
35%
03/04 Pościgowy Raphael Poiree
35%
03/04 Masowy Raphael Poiree
35%
04/05 Masowy Raphael Poiree
34%
06/07 Indywidualny Raphael Poiree
34%
14/15 Masowy Anton Szypulin
22%
00/01 Masowy Sven Fischer
20%
01/02 Sprint Sven Fischer
20%
04/05 Pościgowy Sven Fischer
16%
02/03 Indywidualny Halvard Hanevold
13%
08/09 Masowy Dominik Landertinger
12%
09/10 Masowy Jewgienij Ustiugow
9%
09/10 Indywidualny Christoph Sumann
7%
11/12 Masowy Andreas Birnbacher
5%
06/07 Pościgowy Dmitrij Jaroszenko
4%
07/08 Indywidualny Vincent Defrasne
4%
01/02 Indywidualny Frank Luck
1%
00/01 Indywidualny Siergiej Rożkow
0%
01/02 Masowy Wiktor Majgurow
0%
Nie znaleziono quizów pasujących do podanych kryteriów
Rozkład punktacji
Procent ludzi z każdym wynikiem
Percentyl według liczby udzielonych odpowiedzi
Twoja historia wyników
Nie rozwiązałeś tego quizu